Statistics for All 2020 F1 Drivers

Click here to take the quiz!

General Stats

  • This quiz has been taken 28 times
  • The average score is 20 of 23

Answer Stats

HintAnswer% Correct
MercedesBottas
96%
MercedesHamilton
96%
McLarenNorris
96%
Red BullVerstappen
96%
Red BullAlbon
91%
FerrariLeclerc
91%
Racing PointPerez
91%
WilliamsRussell
91%
Alpha TauriGasly
87%
HaasGrosjean
87%
HaasMagnussen
87%
RenaultOcon
87%
Alfa RomeoRaikkonen
87%
McLarenSainz
87%
Racing PointStroll
87%
FerrariVettel
87%
Alfa RomeoGiovinazzi
83%
Racing PointHulkenberg
83%
WilliamsLatifi
83%
RenaultRicciardo
78%
Alpha TauriKvyat
70%
HaasFittipaldi
65%
WilliamsAitken
57%

Score Distribution

Percentile by Number Answered

Percent of People with Each Score

Your Score History

You have not taken this quiz